Современные философские исследования (Запись № 13535241)
[ простой вид ]
| 000 -МАРКЕР | |
|---|---|
| контрольное поле | 02361nas1a22003611 4500 |
| 001 - ИДЕНТИФИКАТОР ЗАПИСИ | |
| контрольное поле | RU\NLR\BIBL_A\022520800 |
| 005 - ИДЕНТИФИКАТОР ВЕРСИИ | |
| контрольное поле | 20260129122430.0 |
| 011 ## - МЕЖДУНАРОДНЫЙ СТАНДАРТНЫЙ НОМЕР СЕРИАЛЬНОГО ИЗДАНИЯ (ISSN) | |
| Номер (ISSN) | 2949-5121 |
| 035 ## - ДРУГИЕ СИСТЕМНЫЕ НОМЕРА | |
| Идентификатор записи | (NLR Aleph) 022520800 |
| 100 ## - ДАННЫЕ ОБЩЕЙ ОБРАБОТКИ | |
| Данные общей обработки | 20260129 rusy50 |
| 101 0# - ЯЗЫК РЕСУРСА | |
| Язык текста, звукозаписи и т.д. | русский |
| 102 ## - СТРАНА ПУБЛИКАЦИИ ИЛИ ПРОИЗВОДСТВА | |
| Страна публикации | российская федерация |
| 110 ## - ПОЛЕ КОДИРОВАННЫХ ДАННЫХ: ПРОДОЛЖАЮЩИЕСЯ РЕСУРСЫ | |
| Кодированные данные продолжающегося ресурса | ahuzz 0|y| |
| 181 #0 - ПОЛЕ КОДИРОВАННЫХ ДАННЫХ: ВИД СОДЕРЖАНИЯ | |
| Код вида содержания (ISBD) | i |
| Код характеристики содержания (ISBD) | axxe |
| 182 #0 - ПОЛЕ КОДИРОВАННЫХ ДАННЫХ: ТИП СРЕДСТВА | |
| Код типа средства (ISBD) | n - непосредственное |
| 200 1# - ЗАГЛАВИЕ И СВЕДЕНИЯ ОБ ОТВЕТСТВЕННОСТИ | |
| Основное заглавие | Современные философские исследования |
| Параллельное заглавие | Contemporary philosophical research |
| Сведения, относящиеся к заглавию | рецензируемый научный журнал |
| Первые сведения об ответственности | Государственный университет просвещения |
| Язык параллельного заглавия | английский |
| 203 ## - ВИД СОДЕРЖАНИЯ И ТИП СРЕДСТВА | |
| Вид содержания | Текст |
| Дополнительные сведения об издании | визуальный |
| Тип средства | непосредственный |
| 207 #0 - ОБЛАСТЬ СПЕЦИФИЧЕСКИХ СВЕДЕНИЙ: НУМЕРАЦИЯ ПРОДОЛЖАЮЩИХСЯ РЕСУРСОВ | |
| Нумерация: даты и обозначения томов | 2023, № 3 - |
| 210 ## - ПУБЛИКАЦИЯ, РАСПРОСТРАНЕНИЕ И ДР. | |
| Место издания, распространения и т.д. | Москва |
| Имя издателя, распространителя и т. д. | ГУП |
| Дата издания, распространения и т.д. | 2023 - |
| 311 ## - ПРИМЕЧАНИЯ, ОТНОСЯЩИЕСЯ К ПОЛЯМ СВЯЗИ (ПРИМЕЧАНИЯ О СВЯЗИ С ДРУГИМИ ПРОИЗВЕДЕНИЯМИ (ИЗДАНИЯМИ)) | |
| Текст примечания | Ранее выходил как: Московский государственный областной университет. Вестник Московского государственного областного университета. Серия "Философские науки", ISSN 2072-8530 |
| 430 #0 - ПРОДОЛЖЕН | |
| Встроенное поле | 001RU\NLR\Per\535100 |
| -- | 011$a2072-8530 |
| -- | 2001#$aВестник Московского государственного областного университета$iСерия "Философские науки" |
| -- | 71002$aМосковский государственный областной университет$3RU\NLR\AUTH\8810042517 |
| Системный номер (АБИС) связанной записи | 3065299 |
| Автор | Московский государственный областной университет |
| Место публикации | Москва |
| Дата публикации | 2007 - |
| Заглавие части | Серия "Философские науки" |
| Имя издателя, распространителя и т.д. | Изд-во МГОУ |
| Заглавие | Вестник Московского государственного областного университета |
| ISSN | 2072-8530 |
| 510 1# - ПАРАЛЛЕЛЬНОЕ ЗАГЛАВИЕ | |
| Параллельное заглавие | Contemporary philosophical research |
| Язык заглавия | английский |
| 606 1# - НАИМЕНОВАНИЕ ТЕМЫ КАК ПРЕДМЕТ | |
| Наименование темы | Философия |
| Формальный подзаголовок | Периодические издания |
| Хронологический подзаголовок | 21 в. |
| Системный номер авторитетной/нормативной записи | 2534076 |
| Идентификатор авторитетной/нормативной записи | RU\NLR\AUTH\661500815 |
| 686 1# - ИНДЕКСЫ ДРУГИХ КЛАССИФИКАЦИЙ | |
| Индекс | Ю0,0я54 |
| 712 02 - НАИМЕНОВАНИЕ ОРГАНИЗАЦИИ - ВТОРИЧНАЯ ОТВЕТСТВЕННОСТЬ | |
| Код отношения | Прочие |
| Начальный элемент ввода | Государственный университет просвещения |
| Идентифицирующий признак | Москва/Мытищи |
| Системный номер авторитетной/нормативной записи | 849535 |
| Идентификатор авторитетной/нормативной записи | RU\NLR\AUTH\880592018 |
| 852 ## - МЕСТОНАХОЖДЕНИЕ И ШИФР ХРАНЕНИЯ | |
| Идентификатор организации | NLR |
| Шифр хранения (Call Number) | П26/403 |
| 942 ## - ДОПОЛНИТЕЛЬНЫЕ ЭЛЕМЕНТЫ ЗАПИСИ (АБИС) | |
| Тип экземпляра АБИС | Журнал |
| 980 ## - КОЛЛЕКЦИЯ | |
| Название коллекции | Русская периодика |
| 980 ## - КОЛЛЕКЦИЯ | |
| Название коллекции | Национальная библиография |
Нет доступных экземпляров.